LEADER 00880nam0-22002771i-450- 001 990001632300403321 005 20050318093143.0 035 $a000163230 035 $aFED01000163230 035 $a(Aleph)000163230FED01 035 $a000163230 100 $a20030910d1875----km-y0itay50------ba 101 0 $afre 200 1 $aVoyage d'un naturaliste autour du monde fait a bord du navire le "Neagle" de 1831 a 1836$fCharles Darwin 210 $aParis$cC. Reinwald$d1875 215 $a552 p.$d23 cm 610 0 $aSpedizioni scientifiche 676 $a508 700 1$aDarwin,$bCharles$f<1809-1882>$046083 801 0$aIT$bUNINA$gRICA$2UNIMARC 901 $aBK 912 $a990001632300403321 952 $a60 574.9 B 12$b4226$fFAGBC 959 $aFAGBC 996 $aVoyage d'un naturaliste autour du monde fait a bord du navire le "Neagle" de 1831 a 1836$9367231 997 $aUNINA LEADER 01060nas 2200361- 450 001 996321079903316 005 20180210073256.0 011 $a2008-2762 035 $a(OCoLC)905958286 035 $a(CKB)3710000000320773 035 $a(CONSER)--2015236628 035 $a(DE-599)ZDB2968153-4 035 $a(EXLCZ)993710000000320773 100 $a20150217a20099999 --- - 101 0 $aeng 135 $aurmnu||||| 181 $2rdacontent 181 $csti$2rdacontent 182 $2rdamedia 183 $2rdacarrier 200 00$aJournal of cell and molecular research 210 1$aMashad, Iran :$cFerdowsi University of Mashhad,$d2009- 215 $a1 online resource 311 $a2008-9147 606 $aCytology$xResearch$vPeriodicals 606 $aMolecular biology$xResearch$vPeriodicals 615 0$aCytology$xResearch 615 0$aMolecular biology$xResearch 712 02$aD?nishg?h-i Firdaws?. 906 $aJOURNAL 912 $a996321079903316 996 $aJournal of cell and molecular research$91984267 997 $aUNISA